| 000 | 01091nam a22002657a 4500 | ||
|---|---|---|---|
| 999 |
_c7300 _d7300 |
||
| 003 | AR-CdUCM | ||
| 008 | 190320b ||||| |||| 00| 0 spa d | ||
| 020 | _a9786124702433 | ||
| 040 |
_aMUNICIPALIDAD PROVINCIAL DEL CUSCO _cBIBLIOTECA MUNICIPAL DEL CUSCO |
||
| 082 |
_a398.20985 / _bP34 |
||
| 100 |
_aPease G.Y., Franklin _91834 |
||
| 245 | _aEl mar peruano : mitos andinos y europeos / | ||
| 260 |
_aLima : _bSociedad Geográfica de Lima : _b[Tarea Asociación Gráfica Educativa], _c2015. |
||
| 300 |
_a199 páginas ; _c24.5 cm. |
||
| 440 |
_aGeografía histórica _920585 |
||
| 505 | _aContenido: Mitología y mar -- Mitos del mar en la región andina -- Los mitos europeos y el mar peruano ... | ||
| 650 |
_aMitología andina - Perú _920586 |
||
| 650 |
_aMar en la historia - Perú _920587 |
||
| 650 |
_aLeyendas - Historia - Perú _920588 |
||
| 650 |
_aDescubrimientos y exploraciones - Crónicas - Perú _920589 |
||
| 650 |
_aMar del pacífico - Costas del Perú - Mitos _920590 |
||
| 710 |
_aSociedad Geográfica de Lima _920591 |
||
| 942 |
_2ddc _cLIBROS |
||
| 945 | _alccs | ||